Electric circuits and network analysis

Saved in:
Bibliographic Details
Main Author: CHANDRASHEKHARAIAH P.M
Format: Book
Language:English
Published: CBS Publishers 2019
Tags: Add Tag
No Tags, Be the first to tag this record!

MARC

LEADER 00000nam a22000007a 4500
008 240606b |||||||| |||| 00| 0 eng d
020 |a 8123914105 
100 |a CHANDRASHEKHARAIAH P.M 
245 |a Electric circuits and network analysis  |c P.M. Chandrashekharaiah  |g xv, 735p. ill. 
260 |b CBS Publishers  |c 2019  |h New Delhi  |i 701547  |i 701548  |l TK454.2.C36  |m Electric network analysis  |m Electric circuit analysis 
500 |a It includes index 
942 |a lcc  |c BK  |e Adeyemo O.O  |f 06/06/2024 
952 |0 0  |1 0  |2 lcc  |4 0  |6 TK04542 C36  |7 0  |9 5240  |a TL  |b HOL  |c QZ  |d 2024-06-06  |l 0  |o TK454.2.C36  |p 2024-0485  |r 2024-06-06 00:00:00  |t 701547  |w 2024-06-06  |y BK 
952 |0 0  |1 0  |2 lcc  |4 0  |6 TK04542 C36  |7 0  |9 5241  |a HOL  |b HOL  |c QZ  |d 2024-06-06  |l 0  |o TK454.2.C36  |p 2024-0486  |r 2024-06-06 00:00:00  |t 701548  |w 2024-06-06  |y BK 
999 |c 2597  |d 2597